(Record no. 185810)
[ view plain ]
| 000 -CABECERA | |
|---|---|
| campo de control de longitud fija | 01761nam a2200253Ia 4500 |
| 001 - NÚMERO DE CONTROL | |
| campo de control | IA_They are considered to be 2 factors (osmosis and age) with 2 levels each one in a design completely randomized with three repetitions by means of the ANOVA of the experimental design of significance level Ą=0.05, significant differences allowed to find in the factor year for the variables answer of calcium and ashes; in the osmosis factor was significant difference in raw fiber, raw protein, organic matter and calcium, in all that the interaction only we observe in calcium. In this work we found that the flour of prickly pear that was obtained with osmosis had improved performance, which does not have osmosis, has improved concentration of components and that the production of flour of prickly pear with mature stem if it increases the content of calcium. This product might be an option to be considered as complement alimentary |
| 008 - DATOS DE LONGITUD FIJA--INFORMACIÓN GENERAL | |
| campo de control de longitud fija | 220117s xx 000 0 und d |
| 010 ## - NÚMERO DE CONTROL DE LA BIBLIOTECA DEL CONGRESO | |
| Número de control de LC | 185810 |
| 530 ## - NOTA DE FORMATO FÍSICO ADICIONAL DISPONIBLE | |
| Nota de formato físico adicional disponible | Disponible en PDF |
| 650 ## - PUNTO DE ACCESO ADICIONAL DE MATERIA--TÉRMINO DE MATERIA | |
| Término de materia o nombre geográfico como elemento de entrada | Agricultural products |
| 9 (RLIN) | 149769 |
| 650 ## - PUNTO DE ACCESO ADICIONAL DE MATERIA--TÉRMINO DE MATERIA | |
| Término de materia o nombre geográfico como elemento de entrada | Nopal |
| Subdivisión general | Análisis químico |
| 9 (RLIN) | 160291 |
| 650 ## - PUNTO DE ACCESO ADICIONAL DE MATERIA--TÉRMINO DE MATERIA | |
| Término de materia o nombre geográfico como elemento de entrada | Nopal |
| Subdivisión general | Harina |
| 9 (RLIN) | 160292 |
| 650 #0 - PUNTO DE ACCESO ADICIONAL DE MATERIA--TÉRMINO DE MATERIA | |
| Término de materia o nombre geográfico como elemento de entrada | Opuntia ficus-indica |
| 9 (RLIN) | 153774 |
| 650 #0 - PUNTO DE ACCESO ADICIONAL DE MATERIA--TÉRMINO DE MATERIA | |
| Término de materia o nombre geográfico como elemento de entrada | Opuntia ficus-indica |
| Subdivisión general | Chemical analysis |
| 9 (RLIN) | 160293 |
| 650 #0 - PUNTO DE ACCESO ADICIONAL DE MATERIA--TÉRMINO DE MATERIA | |
| Término de materia o nombre geográfico como elemento de entrada | Opuntia ficus-indica |
| Subdivisión general | Flour |
| 9 (RLIN) | 160294 |
| 650 ## - PUNTO DE ACCESO ADICIONAL DE MATERIA--TÉRMINO DE MATERIA | |
| Término de materia o nombre geográfico como elemento de entrada | Productos agrícolas |
| 9 (RLIN) | 91896 |
| 700 ## - PUNTO DE ACCESO ADICIONAL--NOMBRE DE PERSONA | |
| Nombre de persona | Espejel Zaragoza, Alfredo, asesor |
| 9 (RLIN) | 163751 |
| 700 ## - PUNTO DE ACCESO ADICIONAL--NOMBRE DE PERSONA | |
| Nombre de persona | Morales Hernández, María Josefina, coaut. |
| 9 (RLIN) | 160295 |
| 700 ## - PUNTO DE ACCESO ADICIONAL--NOMBRE DE PERSONA | |
| Nombre de persona | Szymanski Duque, Rosa Guadalupe, dir. |
| 9 (RLIN) | 156969 |
| 700 ## - PUNTO DE ACCESO ADICIONAL--NOMBRE DE PERSONA | |
| Nombre de persona | Vázquez Peña, Mario Alberto, asesor |
| 9 (RLIN) | 163752 |
| 942 ## - ELEMENTOS DE PUNTO DE ACCESO ADICIONAL (KOHA) | |
| Tipo de ítem Koha | |
No items available.
